| 000 | 00641nam a22001817a 4500 | ||
|---|---|---|---|
| 003 | OSt | ||
| 008 | 260603b |||||||| |||| 00| 0 eng d | ||
| 020 | _a9789353873851 | ||
| 082 |
_a005.74 _bE37B |
||
| 100 | _aElangovan, R | ||
| 245 | _aBig Data Analytics : UG & PG, B. Tech., computer science, IT and data science students / by R. Elangovan, P. Rajesh and M. Govindhan | ||
| 260 |
_a Delhi: _bSatish Serial Publishing House , _c2025 |
||
| 300 | _aix,170 p. | ||
| 650 | _aComputer Science, Information & General Works | Databases | Data Analytics | Data Science | ||
| 700 | _aRajesh, P | | ||
| 700 | _aGovindhan, M | ||
| 942 |
_2ddc _cBK |
||
| 999 |
_c51291 _d51291 |
||